Home-made chemical fertilizer to reduce production cost in rubber plantation (Record no. 60472)

MARC details
000 -LEADER
fixed length control field 00399nam a2200133Ia 4500
100 ## - MAIN ENTRY--AUTHOR NAME
Personal name Susevee Panpichaya
245 #0 - TITLE STATEMENT
Title Home-made chemical fertilizer to reduce production cost in rubber plantation
260 ## - PUBLICATION, DISTRIBUTION, ETC. (IMPRINT)
Name of publisher Rubber International Magazine
Year of publication 2004
300 ## - PHYSICAL DESCRIPTION
Number of Pages 27-29
650 ## - SUBJECT ADDED ENTRY--TOPICAL TERM
Topical Term Chemical fertilizer
650 ## - SUBJECT ADDED ENTRY--TOPICAL TERM
Topical Term Rubber plantation
942 ## - ADDED ENTRY ELEMENTS (KOHA)
Koha item type Journals
Holdings
Withdrawn status Lost status Damaged status Not for loan Home library Current library Shelving location Date acquired Serial Enumeration / chronology Koha item type
      Journals RRII Library RRII Library Agronomy 17/12/2021 Volume 6, Issue 1 Journals